000
00343nam a2200133Ia 4500
001
13675
003
GE_BSU
008
181216s||||||||xx |||||||||||||| ||und||
040
_c
GE_BSU
245
_a
SQL Server. №9(165). Сентябрь.2014.
245
_b
Журнал для профессионалов.
653
_a
SQL Server
942
_c
CR
999
_c
46824
_d
46824